01689nam a22001697a 45000010005000000030006000050050017000110080041000280400029000690820008000981000016001062450122001222600098002443000044003425200322003865200811007086706FISKH20250521122735.0250521b cb ||||| |||| 00| 0 eng d aFISKHbkhrcFISKHdFISKH a800 aNooch, Nhik aទំលាប់ទំនៀមខ្មែរ /cឧកញ៉ាមហាមន្ត្រី ញិក នូច aភ្នំពេញ :bលាង​ ដាលីន​​​​​​​ ,c២០០៤ .  a69 pages : billustrations ; c21 cm .  aThe book (Khmer Customs and Traditions), compiled by Nhik Nooch, serves as a comprehensive guide to the rich tapestry of Cambodian cultural practices. This work delves into various aspects of Khmer traditions, providing insights into ceremonies, rituals, and societal norms that have shaped the Cambodian way of life. aសៀវភៅ «ទំនៀមទំលាប់ខ្មែរ» ដែលរៀបរៀងដោយ ញិក នូច គឺជាមគ្គុទេសក៍ពេញលេញមួយអំពីទម្លាប់វប្បធម៌ដ៏សម្បូរបែបរបស់ជាតិខ្មែរ។ សៀវភៅនេះពិភាក្សាអំពីទម្លាប់ខ្មែរផ្នែកផ្សេងៗ ដោយផ្តល់នូវការយល់ដឹងអំពីពិធីការណ៍ ប្រភពទម្លាប់ និងនិន្នាការសង្គម ដែលបានរុងរឿងនឹងបង្កើតរបៀបរស់នៅរបស់ជនជាតិខ្មែរយូរមកនេះ។